Sports Quiz

Random Sports or Clickable Quiz
Score 0/100 Timer 14:00
1 Play Today
% Correct
France
92%
FIFA
87%
Boxing
83.9%
Foul
83.9%
Babe
83.6%
World
83%
Packers
82.8%
Cup
81%
Globetrotters
80.8%
Forward
78.8%
Numbers
78.4%
Owens
77.5%
Rose
77.3%
Fenway
77.2%
Gold
76.5%
Augusta
75.6%
Palmer
75.6%
Young
75.3%
Airplane
74.9%
Knicks
74.6%
Period
73.9%
Brooklyn
73.4%
Nicklaus
73.4%
Clock
73.2%
15
73%
Perfect
72.6%
Radio
72.3%
Super
71.8%
Sunday
71.5%
Penalty
71.4%
Miracle
70.7%
Wimbledon
70.4%
Heisman
68.3%
Georgia
68%
% Correct
Namath
68%
NCAA
67.6%
Marciano
67.4%
Liston
67.3%
McEnroe
67.2%
Tonya
67.2%
Cooperstown
66.9%
Lights
66.6%
Designated
65.7%
Baseball
65.5%
Basketball
65.5%
Giants
65.2%
Football
65%
Nadia
64.4%
eBay
64.2%
Chamonix
64.2%
ESPN
64.1%
Chair
64%
Immaculate
63.5%
Slalom
63.3%
Indianapolis
63.2%
Moon
63%
Chelsea
62.8%
Defenseman
62.7%
Monica
62.6%
Ironman
61.9%
Steel
61.8%
Honus
61.1%
Hurricanes
60.9%
Louis
60.4%
Garden
59.5%
715
59.3%
Candlestick
59.2%
Metrodome
58%
% Correct
Doubleday
57.7%
Stern
57.7%
56
57.3%
3,000
57.1%
Daytona
56.6%
Swimming
54.1%
Athletics
53.4%
Interleague
52.9%
Chastain
52.5%
Hustle
52.3%
All-Star
52.1%
Ferguson
52.1%
Jones
51%
Tris
49.6%
Foyt
49.3%
AFL
49.2%
Fleming
48.5%
FA
48.4%
Rocket
48.1%
Marge
47.9%
100
45.6%
200
45.3%
Female
43.7%
Negro
43.2%
Amateur
42.6%
447
40.9%
315
40.2%
Shoemaker
39.7%
Button
36.9%
25
34.8%
44
31%
50
29.1%
Remove Ads.
Support Sporcle.
Get the best of Sporcle when you Go Orange. This ad-free experience offers more features, more stats, and more fun while also helping to support Sporcle. Thank you for becoming a member.

You're not logged in!

Compare scores with friends on all Sporcle quizzes.
OR
Log In

Sporcle TV

Today on Sporcle TV


Watch our educational content, quiz creation guides, and fun videos on Sporcle TV.

Show Comments

Extras

Top Quizzes Today


Score Distribution

Paid Content

Your Account Isn't Verified!

In order to create a playlist on Sporcle, you need to verify the email address you used during registration. Go to your Sporcle Settings to finish the process.

Report this User

Report this user for behavior that violates our Community Guidelines.

Details: